00509nam a2200193 a 4500001001300000003000900013005001700022008004100039020001000080082001600090100002100106245003800127260005000165300000900215500003500224505001000259650002500269700002100294nice12345678IN_TiNIC20260116011634.0050524s1943 cama grp 000 0 eng  ac10000a201.65bRAV aRaven, Charles E aScience, Religion and the Future. aCambridge bCambridge University Press c1943 a125p aincludes index and biblioraphy2 aIndex aReligion and Science1 aRaven, Charles E